Tuyển tập truyện ngắn Khái Hưng

Uloženo v:
Podrobná bibliografie
Hlavní autor: Khái Hưng
Médium: Kniha
Jazyk:Undetermined
Vydáno: Hải Phòng Nxb. Hải Phòng 1994
Témata:
Tagy: Přidat tag
Žádné tagy, Buďte první, kdo otaguje tento záznam!
Thư viện lưu trữ: Trung tâm Học liệu Trường Đại học Cần Thơ
LEADER 00495nam a2200169Ia 4500
001 CTU_32455
008 210402s9999 xx 000 0 und d
082 |a 895.922331 
082 |b Kh103t/1994 
100 |a Khái Hưng 
245 0 |a Tuyển tập truyện ngắn Khái Hưng 
245 0 |c Khái Hưng 
260 |a Hải Phòng 
260 |b Nxb. Hải Phòng 
260 |c 1994 
650 |a short stories, vietnamese 
980 |a Trung tâm Học liệu Trường Đại học Cần Thơ